00877nam a2200157 a 450000100100000000500170001000800410002704000250006810000240009324500600011726000540017730000080023150000250023950004280026465000270069200003627320240508200520.0120112s1906 xxu 000 0 eng d aDO-SdBNPbspacBNPHU1 aMoore, John Bassett10aA digest of international law /cby John Bassett Moore. aWashington :bGovernment Printing Officce,c1906. av-. aBiblioteca tiene v.3 aInspiradas en las discusiones diplomáticas, tratados y otros acuerdos internacionales, premios internacionales, las decisiones de los tribunales municipales y los escritos de los juristas,en especial en los documentos, publicados y no publicados, emitidos por los presidentes y secretarios de Estado de los Estados Unidos, las opiniones de los fiscales generales, y las decisiones de los tribunales, federales y estatales20aDerecho internacional